000 00890nas a2200313 4500
001 BR0905356
003 BR-BrBNA
005 20231205113650.0
007 ta
008 230509b bl.|||p| |||| 00| 00por d
040 _aBR-BrBNA
_bpor
_cBiblioteca Nacional de Agricultura
041 _a(Pt)
072 _aL01
100 1 _aBrossi, C.
100 1 _aContreras-Castillo, C.J.
100 1 _aAmazonas, E. de A.
100 1 _aMenten, J.F.M.
245 1 _aEstresse térmico durante o pré-abate em frangos de corte
650 _aFRANGO DE CORTE
650 _aMÚSCULO
650 _aCARNE
650 _aABATE
650 _aCONDIÇÃO AMBIENTAL
650 _aSTRESS
650 _aDISTÚRBIO FISIOLÓGICO
773 0 _tCiência Rural (Brazil)
_xISSN 0103-8478
_g(Jul 2009), v. 39(4) p. 1284-1293
_wBR0905356
909 _a202311
_bLúcia
_c55
_dLúcia Elande
942 _2AGRIS
_n0
_cANA
999 _c204965
_d204965